000 00322nam a22001217a 4500
020 _a812031624X
082 _222
_a624.25
100 _aJagadeesh, T. R. and Jayaram, M. A.
245 _aDesign of bridge structures /
260 _aNew Delhi,
_bPrenice Hall,
_cc2006.
300 _aix, 282 p. ;
_bill. ;
942 _2ddc
_cCIVIL
_01
999 _c3672
_d3672